| 000 -ლიდერი |
| ფიქსირებული სიგრძის საკონტროლო ველი |
01358nam a22002177a 4500 |
| 003 - საკონტროლო ნომრის იდენტიფიკატორი |
| საკონტროლო ველი |
Ge_BSU |
| 005 - ბოლო ოპერაციის თარიღი და დრო |
| საკონტროლო ველი |
20230221163415.0 |
| 008 - ფიქსირებული სიგრძის მონაცემთა ელემენტები - ზოგადი ინფორმაცია |
| ფიქსირებული სიგრძის საკონტროლო ველი |
230221s2015ge xxu||||| |||| 00| 0 geo d |
| 020 ## - წიგნის საერთაშორისო სტანდარტული ნომერი |
| International Standard Book Number |
9789941459276 |
| 041 ## - ენის კოდი |
| Language code of text/sound track or separate title |
geo |
| 080 ## - უნივერსალური ათობითი კლასიფიკაციის ინდექსი |
| Universal Decimal Classification number |
664.05(042.4) გ-59 |
| 100 ## - მთავარი ჩანაწერი - პიროვნების სახელი |
| Personal name |
გოგიშვილი, ნანა, ავტორი. |
| 9 (RLIN) |
17001 |
| 245 ## - ცნობა სათაურის შესახებ |
| Title |
სასურსათო პროდუქტთა საწარმოების ტექნოლოგიური მოწყობილობა : |
| Remainder of title |
სალექციო კურსი / |
| Statement of responsibility, etc |
ნანა გოგიშვილი, მურთაზ სვანაძე ; რედაქტორი ქეთევან კინწურაშვილი |
| 264 ## - წარმოების, გამოცემის, დისტრიბუციის და სხვა ცნობები |
| გამოცემის, წარმოების, დისტრიბუციის... ადგილი |
ქუთაისი : |
| გამოცემის, წარმოების, დისტრიბუციის... სახელწოდება |
აკაკი წერეთლის სახელმწ. უნ-ტის გამ-ბა, |
| გამოცემის, წარმოების, დისტრიბუციის... თარიღი |
2015. |
| 300 ## - ფიზიკური აღწერა |
| Extent |
344 გვ. : |
| Other physical details |
ნახ. ; |
| Dimensions |
21 სმ. |
| 504 ## - BIBLIOGRAPHY, ETC. NOTE |
| Bibliography, etc |
ბიბლიოგრაფია: გვ. 336. |
| 653 ## - INDEX TERM--UNCONTROLLED |
| Uncontrolled term |
კვების საწარმოების მოწყობილიბები -- ლექციების კურსი. |
| 700 ## - ADDED ENTRY--PERSONAL NAME |
| Personal name |
სვანაძე, მურთაზ |
| 9 (RLIN) |
17002 |
| 700 ## - ADDED ENTRY--PERSONAL NAME |
| Personal name |
კინწურაშვილი, ქეთევან |
| Relator term |
რედაქტორი |
| 9 (RLIN) |
17003 |
| 942 ## - ADDED ENTRY ELEMENTS (KOHA) |
| Source of classification or shelving scheme |
|
| Koha item type |
წიგნი |